|
|
|
|
| LEADER |
00000nam0a2200000 4500 |
| 001 |
222760 |
| 005 |
20231101230459.0 |
| 010 |
|
|
|b 1000 экз.
|
| 035 |
|
|
|a (RuTPU)RU\TPU\book\242975
|
| 090 |
|
|
|a 222760
|
| 100 |
|
|
|a 20121001d1981 m y0rusy50 ca
|
| 101 |
0 |
|
|a rus
|
| 102 |
|
|
|a RU
|
| 105 |
|
|
|a a z 000zy
|
| 200 |
1 |
|
|a Янтарный сказ
|f Э. И. Григо, Н. Ф. Марков, А. П. Михайлова
|
| 210 |
|
|
|a Калининград
|c Калининградское книжное изд-во
|d 1981
|
| 215 |
|
|
|a 127 с.
|c ил.
|d 10,5 см.
|
| 300 |
|
|
|a На пер. авт. не указаны.
|
| 606 |
1 |
|
|a Янтарь
|x Минералогия
|2 stltpush
|3 (RuTPU)RU\TPU\subj\72337
|9 85898
|
| 610 |
1 |
|
|a минералы
|
| 610 |
1 |
|
|a ювелирные минералы
|
| 610 |
1 |
|
|a поделочные камни
|
| 610 |
1 |
|
|a миниатюрные издания
|
| 675 |
|
|
|a 549.8
|v 3
|
| 700 |
|
1 |
|a Григо
|b Э. И.
|g Эрнест Иванович
|
| 701 |
|
1 |
|a Марков
|b Н. Ф.
|
| 701 |
|
1 |
|a Михайлова
|b А. П.
|
| 801 |
|
1 |
|a RU
|b 63413507
|c 20121001
|
| 801 |
|
2 |
|a RU
|b 63413507
|c 20180830
|g RCR
|
| 942 |
|
|
|c BK
|